Design of a video-audio (TV) transmitter project report / (Record no. 181749)
[ view plain ]
| 000 -LEADER | |
|---|---|
| fixed length control field | 00769 a2200193 4500 |
| 003 - CONTROL NUMBER IDENTIFIER | |
| control field | Nust |
| 005 - DATE AND TIME OF LATEST TRANSACTION | |
| control field | 20251111133955.0 |
| 040 ## - CATALOGING SOURCE | |
| Transcribing agency | Nust |
| 082 ## - DEWEY DECIMAL CLASSIFICATION NUMBER | |
| Classification number | 621.382,IQB |
| 100 ## - MAIN ENTRY--PERSONAL NAME | |
| Personal name | Adnan, GC Malik Farrukh (TCC-7) |
| 9 (RLIN) | 131792 |
| 245 ## - TITLE STATEMENT | |
| Title | Design of a video-audio (TV) transmitter project report / |
| Statement of responsibility, etc. | GC Malik Farrukh Adnan & GC Maaz-Ul-Haq Chaudhary & PC Haroon ishfaq khan and PC Muhammad Mohsin Latif |
| 260 ## - PUBLICATION, DISTRIBUTION, ETC. | |
| Place of publication, distribution, etc. | Rawalpindi |
| Name of publisher, distributor, etc. | MCS (NUST) |
| Date of publication, distribution, etc. | 1999 |
| 300 ## - PHYSICAL DESCRIPTION | |
| Extent | 93 p.; |
| 505 ## - FORMATTED CONTENTS NOTE | |
| Formatted contents note | Introduction (Page-1), Television broadcasting (Page-11), Crysatls and oscillators (Page-23), The System Design (Page-54), System evaluation (Page-66). |
| 650 ## - SUBJECT ADDED ENTRY--TOPICAL TERM | |
| Topical term or geographic name entry element | UG Projects |
| 9 (RLIN) | 98716 |
| 651 ## - SUBJECT ADDED ENTRY--GEOGRAPHIC NAME | |
| Geographic name | TCC-7 |
| 9 (RLIN) | 131787 |
| 700 ## - ADDED ENTRY--PERSONAL NAME | |
| Personal name | Supervised by Lt Col raja Iqbal |
| 9 (RLIN) | 131785 |
| 942 ## - ADDED ENTRY ELEMENTS (KOHA) | |
| Koha item type | Project Report |
| Source of classification or shelving scheme | |
| Withdrawn status | Lost status | Source of classification or shelving scheme | Damaged status | Not for loan | Permanent Location | Current Location | Shelving location | Date acquired | Full call number | Barcode | Date last seen | Price effective from | Koha item type | Public note |
|---|---|---|---|---|---|---|---|---|---|---|---|---|---|---|
| Military College of Signals (MCS) | Military College of Signals (MCS) | Reference | 12/12/2016 | 621.382, IQB | MCSPTC-24 | 12/08/2016 | 12/12/2016 | Project Report | Almirah No. 94, Shelf No. 1 |
